Detalles MARC
| 000 -CABECERA |
| campo de control de longitud fija |
01065cam a2200253 a 4500 |
| 001 - NÚMERO DE CONTROL |
| campo de control |
000006938 |
| 005 - FECHA Y HORA DE LA ÚLTIMA TRANSACCIÓN |
| campo de control |
20200929154028.0 |
| 008 - DATOS DE LONGITUD FIJA--INFORMACIÓN GENERAL |
| campo de control de longitud fija |
981124s1996 sp ab b 000 0 spa d |
| 020 ## - NÚMERO INTERNACIONAL ESTÁNDAR DEL LIBRO |
| Número Internacional Estándar del Libro |
8478203389 |
| 040 ## - FUENTE DE LA CATALOGACIÓN |
| Centro catalogador/agencia de origen |
DO-SdBNP |
| Centro/agencia transcriptor |
DLC |
| Centro/agencia modificador |
BNPHU |
| 043 ## - CÓDIGO DE ÁREA GEOGRÁFICA |
| Código de área geográfica |
e-sp--- |
| 082 ## - NÚMERO DE LA CLASIFICACIÓN DECIMAL DEWEY |
| Número de clasificación |
946.02 |
| Número de documento/Ítem |
J82j |
| 049 ## - FONDOS LOCALES (OCLC) |
| Fondos de biblioteca |
BNGR |
| 111 2# - ENTRADA PRINCIPAL--NOMBRE DE CONGRESO/REUNIÓN |
| Nombre de congreso/reunión o jurisdicción como elemento de entrada |
Jornadas de Estudio VI Centenario del Papa Luna |
| Sede del congreso/Lugar de la reunión |
(1994 : |
| Fecha del congreso/reunión |
Calatayud and Illueca, Spain) |
| 9 (RLIN) |
19248 |
| 245 10 - MENCIÓN DE TÍTULO |
| Título |
Jornadas de Estudio VI Centenario del Papa Luna : |
| Resto del título |
Calatayud-Illueca, 1994. |
| 260 ## - PUBLICACIÓN, DISTRIBUCIÓN, ETC. |
| Lugar de publicación, distribución, etc. |
Calatayud (Zaragoza) : |
| Nombre del editor, distribuidor, etc. |
Centro de Estudios Bilbilitanos, Institución "Fernando el Católico", |
| Fecha de publicación, distribución, etc. |
1996. |
| 300 ## - DESCRIPCIÓN FÍSICA |
| Extensión |
396 p. : |
| Otras características físicas |
ill., mapas ; |
| Dimensiones |
24 cm. |
| 490 0# - MENCIÓN DE SERIE |
| Mención de serie |
Publicaciones del centro de estudios bilbilitanos |
| Designación de volumen o secuencia |
54 |
| 504 ## - NOTA DE BIBLIOGRAFÍA, ETC. |
| Nota de bibliografía, etc. |
Incluye referencias bibliográficas y notas al pie de las páginas |
| 651 #4 - PUNTO DE ACCESO ADICIONAL DE MATERIA--NOMBRE GEOGRÁFICO |
| Nombre geográfico |
España |
| Subdivisión general |
Historia |
| Subdivisión cronológica |
1328-1424 |
| Subdivisión de forma |
CONGRESOS |
| 9 (RLIN) |
19249 |
| 651 #4 - PUNTO DE ACCESO ADICIONAL DE MATERIA--NOMBRE GEOGRÁFICO |
| Nombre geográfico |
España |
| Subdivisión general |
Historia Eclesiástica |
| Subdivisión de forma |
CONGRESOS. |
| 9 (RLIN) |
19250 |
| 830 #0 - PUNTO DE ACCESO ADICIONAL DE SERIE-TÍTULO UNIFORME |
| Título uniforme |
Publicaciones del centro de estudios bilbilitanos ; |
| Designación de volumen o secuencia |
54 |
| 9 (RLIN) |
19251 |
| 910 ## - DATOS DE OPCIÓN DEL USUARIO (OCLC) |
| Datos de opción del usuario |
Catalogación derivada |